00404nam a2200169Ia 4500003000400000005001700004008004100021040000700062041000800069082002000077100001400097245004500111260002900156365001300185650001400198650002200212OSt20230606110912.0210423s2003 xx 000 0 und d cAL aeng a307.76 RAYL223 aRAY (C N) aLiberalisation and urban social services bRawat Publicationsc2003 b695cINR aSociology aUrban Communities